Los Lisperguer y la Quintrala: Doña Catalina de los Ríos

שמור ב:
מידע ביבליוגרפי
מחבר ראשי: Vicuña Mackenna, Benjamín, 1831-1886 (Author)
מחברים אחרים: Eyzaguirre Gutiérrez, Jaime (Editor)
פורמט: ספר
שפה:ספרדית
יצא לאור: Santiago Zig-Zag 1950
מהדורה:2a. ed
נושאים:
תגים: הוספת תג
אין תגיות, היה/י הראשונ/ה לתייג את הרשומה!

MARC

LEADER 00000nam a2200000 a 4500
001 UCX2759
003 CL-VaPUC
008 910808e19500000CL |||||||||||||||||spa|d
082 0 4 |a 929.2  |b VIC  |2 21 
100 |a Vicuña Mackenna, Benjamín,  |d 1831-1886  |x Político e historiador   |z Chile   |e author  |9 374 
700 |a Eyzaguirre Gutiérrez, Jaime   |e editor  |9 318835 
245 1 4 |a Los Lisperguer y la Quintrala: Doña Catalina de los Ríos 
250 |a 2a. ed 
300 |a 346 p 
942 |c BK 
945 |d 19910808 00:00:00 
260 |a Santiago  |b Zig-Zag  |c 1950 
600 0 7 |a LA QUINTRALA  |2 CL-VaPUC  |9 318836 
600 0 7 |a LISPERGUER  |2 CL-VaPUC  |9 318837 
583 |a last modification  |c 19910808 00:00:00  |k Rodrigo Vera 
999 |c 223707  |d 223705 
952 |0 0  |1 0  |4 0  |6 929_200000000000000_VIC_1950  |7 0  |8 R  |9 219745  |a BIBEDU  |b BIBEDU  |c MCIRC  |d 2019-11-15  |i 288447K  |o 929.2 VIC 1950  |p 288447K  |r 2023-01-13  |w 2019-11-15  |y BK_R  |k LIT